000
00256nam a22001217a 4500
082
_a
823
_b
SAR/P
100
_a
SARADHA P.G
245
_a
POOVALANANNAN
260
_a
ALAPPUZHA
_b
SURYA PUBLICATIONS
_c
2008
300
_a
48
520
_a
SHORT STORY
942
_c
BK
999
_c
6948
_d
6948